000 00441nam a2200181Ia 4500
001 20694
005 20260306172824.0
008 260306t2005||||xx |||||||||||||| ||spa||
041 _aESP
082 _a343.6
_bZ58
100 _aZegarra Valdivia, Diego, 1970
_eAUT
245 0 _aEl servicio público:
_bfundamentos
260 _c2005
300 _a368 páginas :
_c20 cm.
650 _aGEN
654 _aCDE
942 _cLIB
_dJUS
_fJUS
_2ddc
_n
999 _c20694
_d20694